Research Methods in Physical education (Record no. 64433)
[ view plain ]
| 000 -LEADER | |
|---|---|
| fixed length control field | 00286nam a22001217a 4500 |
| 008 - FIXED-LENGTH DATA ELEMENTS--GENERAL INFORMATION | |
| fixed length control field | 9788178794075 |
| 040 ## - CATALOGING SOURCE | |
| Original cataloging agency | IIMT University College of Education-B.P.Ed |
| 100 ## - MAIN ENTRY--PERSONAL NAME | |
| Personal name | Kutty K.Dr.Suresh |
| 245 ## - TITLE STATEMENT | |
| Title | Research Methods in Physical education |
| 260 ## - PUBLICATION, DISTRIBUTION, ETC. (IMPRINT) | |
| Place of publication, distribution, etc | New Delhi |
| Name of publisher, distributor, etc | Sports publication |
| Date of publication, distribution, etc | 14/10/2024 |
| 300 ## - PHYSICAL DESCRIPTION | |
| Pages | 143 |
| 942 ## - ADDED ENTRY ELEMENTS (KOHA) | |
| Koha item type | Text-Book- for 7 days |
| 952 ## - LOCATION AND ITEM INFORMATION (KOHA) | |
| -- | 2024-10-18 |
| 952 ## - LOCATION AND ITEM INFORMATION (KOHA) | |
| -- | 2024-10-18 |
| 952 ## - LOCATION AND ITEM INFORMATION (KOHA) | |
| -- | 2024-10-18 |
| 952 ## - LOCATION AND ITEM INFORMATION (KOHA) | |
| -- | 2026-03-09 |
| -- | 2024-10-18 |
| Withdrawn status | Lost status | Source of classification or shelving scheme | Damaged status | Not for loan | Location (home branch) | Sublocation or collection (holding branch) | Date acquired | Source of Acquisition | Koha issues (times borrowed) | Accession No. | Koha date last seen | Koha item type |
|---|---|---|---|---|---|---|---|---|---|---|---|---|
| IIMT University College of Education-B.P.Ed | IIMT University College of Education-B.P.Ed | 10/18/2024 | Arista pub New delhi | 17-B-3775 | 10/19/2024 | Text-Book- for 7 days | ||||||
| IIMT University College of Education-B.P.Ed | IIMT University College of Education-B.P.Ed | 10/18/2024 | Arista pub New delhi | 17-B-3776 | 10/19/2024 | Text-Book- for 7 days | ||||||
| IIMT University College of Education-B.P.Ed | IIMT University College of Education-B.P.Ed | 10/18/2024 | Arista pub New delhi | 17-B-3777 | 10/19/2024 | Text-Book- for 7 days | ||||||
| IIMT University College of Education-B.P.Ed | IIMT University College of Education-B.P.Ed | 10/18/2024 | Arista pub New delhi | 1 | 17-B-3778 | 03/16/2026 | Text-Book- for 7 days |

